000
00299nam a22001217a 4500
008
170612b xxu||||| |||| 00| 0 eng d
041
_a
eng
080
_a
32
100
_a
19
101
_a
SHP
245
_a
THE AGE OF IDEOLOGY-POLITICAL THOUGHT, 1750 TO THE PRESENT
_c
WATKINS, F.M
942
_2
udc
_c
BK
999
_c
16880
_d
16880